Problematika konkurencieschopnosti v ekonomickej teórii bakalárska práca

Guardado en:
Detalles Bibliográficos
Autor principal: Pribula, Daniel
Autor Corporativo: Obchodná fakulta EU. Katedra medzinárodného obchodu
Otros Autores: Sopková, Gabriela
Formato: Libro
Lenguaje:eslovaco
Publicado: Bratislava 2018
Etiquetas: Agregar Etiqueta
Sin Etiquetas, Sea el primero en etiquetar este registro!

MARC

LEADER 00000nbm a2200000 4500
001 0247317
005 20181219105252.2
041 0 |a slo 
044 |a SK 
245 1 0 |a Problematika konkurencieschopnosti v ekonomickej teórii  |b bakalárska práca  |c Daniel Pribula ; školiteľ: Gabriela Sopková 
264 1 |a Bratislava  |c 2018 
300 |a 45 s. 
100 1 |a Pribula, Daniel 
700 1 |a Sopková, Gabriela 
710 2 |a Obchodná fakulta EU. Katedra medzinárodného obchodu